[Event "FRA-ch U16"]
[Site "Montlucon"]
[Date "2011.04.18"]
[Round "2"]
[White "Ravot, Emmanuel"]
[Black "Jaouen, Valentin"]
[Result "1/2-1/2"]
[WhiteElo "2022"]
[BlackElo "1861"]
[PlyCount "78"]
[EventDate "2011.04.17"]
[EventType "swiss"]
[EventRounds "9"]
[EventCountry "FRA"]
[SourceTitle "CBM 142 Extra"]
[Source "ChessBase"]
[SourceDate "2011.06.27"]
[SourceVersion "1"]
[SourceVersionDate "2011.06.27"]
[SourceQuality "1"]

1. d4 e6 2. c4 b6 3. e4 Bb7 4. Qc2 Qh4 5. Nd2 Bb4 6. Bd3 Qg4 7. Kf1 Nc6 8. f3 Qh4 9. Ne2 e5 10. a3 Nxd4 11. Nxd4 Bc5 12. N2b3 Bxd4 13. c5 bxc5 14. Nxd4 exd4 15. Qxc5 Qf6 16. Qxc7 Ba6 17. Qc2 Rc8 18. Qe2 Bxd3 19. Qxd3 Qb6 20. Bd2 Qxb2 21. Rb1 Qa2 22. Ke2 Nf6 23. Ra1 Qe6 24. Rhc1 0-0 25. Qxd4 d5 26. e5 Rxc1 27. Rxc1 Rc8 28. Bc3 Nd7 29. Kf2 Qh6 30. Re1 Nb6 31. Kg1 Qc6 32. e6 f6 33. e7 Kf7 34. Bb4 Qc4 35. Qe3 d4 36. Qe4 g6 37. Rd1 d3 38. Qxd3 a5 39. Qxc4+ Rxc4 1/2-1/2

[Event "Paris-ch op-A"]
[Site "Paris"]
[Date "2010.07.09"]
[Round "7"]
[White "Ravot, Emmanuel"]
[Black "Landois, Nicolas"]
[Result "1-0"]
[WhiteElo "1988"]
[BlackElo "1857"]
[PlyCount "23"]
[EventDate "2010.07.03"]
[EventType "swiss"]
[EventRounds "9"]
[EventCountry "FRA"]
[SourceTitle "CBM 137 Extra"]
[Source "ChessBase"]
[SourceDate "2010.09.01"]
[SourceVersion "1"]
[SourceVersionDate "2010.09.01"]
[SourceQuality "1"]

1. d4 d5 2. c4 Nc6 3. Nc3 dxc4 4. Nf3 Bg4 5. d5 Bxf3 6. exf3 Ne5 7. Bf4 Ng6 8. Bxc4 a6 9. Qa4+ Qd7 10. Bb5 c6 11. dxc6 Qe6+ 12. Ne4 1-0

[Event "FRA-ch U14"]
[Site "Aix les Bains"]
[Date "2009.04.22"]
[Round "5"]
[White "Macon, Arthur"]
[Black "Ravot, Emmanuel"]
[Result "0-1"]
[WhiteElo "1732"]
[BlackElo "1857"]
[PlyCount "102"]
[EventDate "2009.04.19"]
[EventType "swiss"]
[EventRounds "9"]
[EventCountry "FRA"]
[SourceTitle "CBM 130 Extra"]
[Source "ChessBase"]
[SourceDate "2009.07.02"]
[SourceVersion "2"]
[SourceVersionDate "2009.07.15"]
[SourceQuality "1"]

1. d4 g6 2. c4 Bg7 3. Nf3 d6 4. Nc3 Nf6 5. e4 0-0 6. Be2 e5 7. 0-0 Nc6 8. d5 Ne7 9. Ne1 Nd7 10. Nd3 f5 11. Bd2 Nf6 12. f3 f4 13. c5 g5 14. Rc1 Rf7 15. cxd6 cxd6 16. Nb5 Ng6 17. Nf2 h5 18. h3 Bf8 19. Qc2 Ne8 20. a4 Rh7 21. a5 Nh4 22. b4 g4 23. fxg4 hxg4 24. Bxg4 Qg5 25. Qd3 Nf6 26. Qe2 Nh5 27. Nh1 Rg7 28. Rc7 Be7 29. Rf2 Bxg4 30. Qxg4 Qxg4 31. hxg4 Nf6 32. Re2 Nxg4 33. Rxb7 f3 34. g3 fxe2 35. gxh4 Ne3+ 36. Kf2 Bxh4+ 37. Kxe3 Rxb7 38. Nxd6 Rd7 39. Nc4 e1Q+ 40. Bxe1 Bxe1 41. Nxe5 Rh7 42. Nf2 Bxb4 43. Nfg4 Rh3+ 44. Kf2 Bxa5 45. Kg2 Rb3 46. Nf6+ Kg7 47. Nh5+ Kh6 48. Ng3 Rxg3+ 49. Kxg3 Bc7 50. Kg4 Bxe5 51. Kf5 Re8 0-1

[Event "FRA-ch U14"]
[Site "Aix les Bains"]
[Date "2009.04.20"]
[Round "3"]
[White "Roubaud, Alexandre"]
[Black "Ravot, Emmanuel"]
[Result "1-0"]
[WhiteElo "2074"]
[BlackElo "1857"]
[PlyCount "69"]
[EventDate "2009.04.19"]
[EventType "swiss"]
[EventRounds "9"]
[EventCountry "FRA"]
[SourceTitle "CBM 130 Extra"]
[Source "ChessBase"]
[SourceDate "2009.07.02"]
[SourceVersion "2"]
[SourceVersionDate "2009.07.15"]
[SourceQuality "1"]

1. e4 g6 2. d4 Bg7 3. Nc3 d6 4. f4 Nf6 5. Nf3 c5 6. Bb5+ Bd7 7. Bxd7+ Nfxd7 8. d5 b5 9. 0-0 b4 10. Nb1 Nb6 11. a3 N8d7 12. Qe2 a5 13. c4 0-0 14. e5 e6 15. dxe6 fxe6 16. exd6 Nf6 17. axb4 axb4 18. Rxa8 Qxa8 19. Qxe6+ Kh8 20. Ng5 Qb7 21. d7 Qxd7 22. Qxb6 Qd4+ 23. Kh1 Ng4 24. h3 Qd3 25. Nd2 Ne3 26. Rg1 Rxf4 27. Ndf3 h6 28. Bxe3 Qxe3 29. Re1 Qxe1+ 30. Nxe1 Rf1+ 31. Kh2 hxg5 32. Nf3 Bxb2 33. Qxc5 Bc1 34. Qf8+ Kh7 35. Nxg5+ 1-0